000 00719nam a2200205Ii 4500
003 JO-AjNU
008 230605s9999||||xx |||||||||||||| ||und||
040 _aJO-AjNU
_bara
_erda
_cJO-AjNU
041 _aara
050 1 4 _aAG243.2005
100 3 _aشحادة،رعد صبحي ,
_eauthor
_917144
245 0 0 _aغرائب العالم : حقائق حيرت العقل البشري 100 حقيقة بين الحقيقة والخيال
250 _aط1
264 3 1 _aعمان:دار البيت العتيق للنشر والتوزيع ،2005
300 _a80ص
336 _atext
_btxt
_2rdacontent
337 _aunmediated
_bn
_2rdamedia
338 _avolume
_bnc
_2rdacarrier
650 4 _aعجائب وغرائب
_917145
999 _aA5233
_c8801
_d8801